LEADER 00649oam 2200193z- 450 001 9910424586903321 035 $a(CKB)5310000000010074 035 $a(EXLCZ)995310000000010074 100 $a20220406c2018uuuu -u- - 101 0 $aita 200 10$aIl lavoro 4.0 : la quarta rivoluzione industriale e le trasformazioni delle attivitą lavorative 210 $cFirenze University Press 311 $a88-6453-649-3 517 $aLavoro 4.0 517 $aIl lavoro 4.0 906 $aBOOK 912 $a9910424586903321 996 $aIl lavoro 4.0 : la quarta rivoluzione industriale e le trasformazioni delle attivitą lavorative$91953613 997 $aUNINA